| 000 | 01019cam a22002777a 4500 | ||
|---|---|---|---|
| 003 | MX-MxUPN | ||
| 005 | 20240313092855.0 | ||
| 008 | 240222s2023 mx|ao||cr|||| 000 0 spa d | ||
| 020 | _a9786075790954 | ||
| 040 |
_aMX-MxUPN _bspa |
||
| 041 | 0 | _aspa | |
| 050 |
_aLB1633 M62 _bL46 2023 |
||
| 245 | 0 | 0 |
_aLenguajes : _bsegundo grado |
| 250 | _aPrimera edición | ||
| 260 |
_aCiudad de México : _bSecretaría de Educación Pública, Dirección General de Materiales Educativos, _c2023 |
||
| 300 |
_a314 páginas : _bilustraciones, fotografías |
||
| 490 | 0 | _aColección Sk'asolil | |
| 650 | 4 |
_aNueva Escuela Mexicana _951254 |
|
| 650 | 4 |
_97237 _aEspañol _xEstudio y enseñanza (Secundaria) |
|
| 650 | 4 |
_951267 _aIndígenas de México _xLenguas _xEstudio y enseñanza (Secundaria) |
|
| 650 | 4 |
_917036 _aEspañol _vLibros de texto |
|
| 650 | 4 |
_951266 _aIndígenas de México _xLenguas _vLibros de texto |
|
| 902 |
_aGCH220224 _bVíctorGodínez/040324 |
||
| 942 |
_2lcc _cLIBRO |
||
| 999 |
_c211042 _d211042 |
||